Шахматная мозаика

מידע ביבליוגרפי
מחבר ראשי: Арчаков В. М. Владимир Михайлович
סיכום:Исключено из фонда НТБ ТПУ
שפה:רוסית
יצא לאור: Киев, Здоров,я, 1984
פורמט: MixedMaterials ספר
KOHA link:https://koha.lib.tpu.ru/cgi-bin/koha/opac-detail.pl?biblionumber=132405

MARC

LEADER 00000nam0a2200000 4500
001 132405
005 20231031134832.0
020 |a RU  |b 84-41507 
035 |a (RuTPU)RU\TPU\book\143371 
090 |a 132405 
100 |a 20080303d1984 m y0rusy5003 ca 
101 0 |a rus 
102 |a UA 
105 |a a z 000zy 
200 1 |a Шахматная мозаика  |f В. М. Арчаков 
210 |a Киев  |c Здоров,я  |d 1984 
215 |a 136 с.  |c ил. 
333 |a Исключено из фонда НТБ ТПУ 
700 1 |a Арчаков  |b В. М.  |g Владимир Михайлович 
801 0 |a RU  |b RuMRKP  |c 19950704  |g psbo 
801 1 |a RU  |b 63413507  |c 20080303  |g PSBO 
801 2 |a RU  |b 63413507  |c 20220602  |g PSBO 
942 |c BK